[Event "Oberliga Ost-B 2223"]
[Site "Germany"]
[Date "2023.03.18"]
[Round "10.6"]
[White "Minor, Samuel"]
[Black "Neubauer, Andreas"]
[Result "1-0"]
[WhiteElo "2171"]
[BlackElo "2159"]
[PlyCount "109"]
[EventDate "2022.09.18"]
[EventType "team-tourn"]
[EventRounds "11"]
[EventCountry "GER"]
[SourceTitle "EXT 2025"]
[Source "ChessBase"]
[SourceDate "2024.10.14"]
[SourceVersion "1"]
[SourceVersionDate "2024.10.14"]
[SourceQuality "1"]
[WhiteTeam "Wiesbaden"]
[BlackTeam "Stadtilm Blau Weiss"]
[WhiteTeamCountry "GER"]
[BlackTeamCountry "GER"]

1. e4 c5 2. Nf3 e6 3. d4 cxd4 4. Nxd4 Nc6 5. Nc3 Nf6 6. g3 a6 7. Bg2 Qc7 8. 0-0 d6 9. Kh1 Bd7 10. f4 Nxd4 11. Qxd4 Bc6 12. f5 e5 13. Qd3 h6 14. a4 b6 15. Bd2 Be7 16. Nd5 Bxd5 17. exd5 0-0 18. Ra3 Qd7 19. a5 b5 20. Rc3 Rfc8 21. Rc6 Qd8 22. Rd1 Nd7 23. b4 Nb8 24. Rxc8 Qxc8 25. Rc1 Ra7 26. c4 bxc4 27. Qxc4 Qxc4 28. Rxc4 Rb7 29. Rc8+ Kh7 30. Bf1 Bg5 31. Bc3 g6 32. Bd3 gxf5 33. Bxf5+ Kg7 34. Bd3 Kf6 35. Kg2 Bc1 36. Kf3 Ba3 37. Rc4 Ke7 38. Bd2 Nd7 39. Rh4 Nf6 40. Bxa6 Rb8 41. b5 Nxd5 42. b6 f5 43. Rxh6 e4+ 44. Ke2 Nxb6 45. Rh7+ Ke6 46. axb6 Rxb6 47. Bc4+ Kf6 48. Bc3+ Kg6 49. Rg7+ Kh6 50. Bf7 Rb7 51. Rg6+ Kh5 52. Be8 Rb8 53. Rg8+ Kh6 54. h4 Kh7 55. Rh8# 1-0

[Event "Oberliga Ost-B 2223"]
[Site "Germany"]
[Date "2022.11.26"]
[Round "4.7"]
[White "Vechorkin, Alexej"]
[Black "Neubauer, Andreas"]
[Result "0-1"]
[WhiteElo "2084"]
[BlackElo "2159"]
[PlyCount "74"]
[EventDate "2022.09.18"]
[EventType "team-tourn"]
[EventRounds "11"]
[EventCountry "GER"]
[SourceTitle "EXT 2025"]
[Source "ChessBase"]
[SourceDate "2024.10.14"]
[SourceVersion "1"]
[SourceVersionDate "2024.10.14"]
[SourceQuality "1"]
[WhiteTeam "Heusenstamm"]
[BlackTeam "Stadtilm Blau Weiss"]
[WhiteTeamCountry "GER"]
[BlackTeamCountry "GER"]

1. d4 Nf6 2. Nf3 g6 3. Bg5 Bg7 4. Nbd2 d5 5. c3 Nbd7 6. e3 0-0 7. Bd3 c5 8. a4 b6 9. 0-0 Bb7 10. Re1 Ne4 11. Bf4 f6 12. Nxe4 dxe4 13. Bc4+ Kh8 14. Nd2 h6 15. h4 f5 16. Be6 Nf6 17. Nc4 cxd4 18. Ne5 Qe8 19. exd4 Rd8 20. Qd2 Kh7 21. c4 Nh5 22. Red1 Rf6 23. Bd7 Rxd7 24. Nxd7 Qxd7 25. Be5 Rc6 26. Bxg7 Nxg7 27. Rac1 Rd6 28. b4 e5 29. d5 Nh5 30. a5 Nf4 31. a6 Bxa6 32. Qa2 Bb7 33. c5 Rxd5 34. c6 Bxc6 35. Rxc6 Rxd1+ 36. Kh2 Nd5 37. Qc2 Nxb4 0-1

[Event "Regionalliga SO 1314"]
[Site "Bayern"]
[Date "2013.10.13"]
[Round "1.3"]
[White "Kern, Johannes"]
[Black "Neubauer, Andreas"]
[Result "1-0"]
[WhiteElo "2212"]
[BlackElo "2104"]
[PlyCount "79"]
[EventDate "2013.10.13"]
[EventType "team-tourn"]
[EventRounds "9"]
[EventCountry "GER"]
[SourceTitle "EXT 2015"]
[Source "ChessBase"]
[SourceDate "2014.11.20"]
[SourceVersion "1"]
[SourceVersionDate "2014.11.20"]
[SourceQuality "1"]
[WhiteTeam "Trostberg"]
[BlackTeam "Landshut"]
[WhiteTeamCountry "GER"]
[BlackTeamCountry "GER"]

1. b3 Nf6 2. Bb2 g6 3. e4 d6 4. Nf3 Bg7 5. Be2 0-0 6. d3 e5 7. 0-0 c6 8. Nbd2 Nh5 9. Re1 Na6 10. d4 exd4 11. Bxd4 Nc7 12. Bxg7 Kxg7 13. Bf1 d5 14. exd5 Nxd5 15. Ne4 Ndf6 16. Nfd2 Bf5 17. Qf3 Qa5 18. Nxf6 Nxf6 19. Nc4 Qc7 20. Qc3 Rae8 21. h3 Bc8 22. Rad1 Rxe1 23. Rxe1 Qd8 24. Be2 Kg8 25. Bf3 Nd5 26. Qe5 Nb6 27. Nd6 Qh4 28. c4 Bd7 29. Qe7 Qxe7 30. Rxe7 c5 31. Nxb7 Bf5 32. Nxc5 Nc8 33. Rc7 h5 34. Be4 Nd6 35. Bxf5 Nxf5 36. Rxa7 Re8 37. Kf1 Nd4 38. Rd7 Nc2 39. Nd3 Rb8 40. c5 1-0

[Event "Regionalliga SO 1213"]
[Site "Bayern"]
[Date "2013.03.17"]
[Round "8.2"]
[White "Lettl, Gerhard"]
[Black "Neubauer, Andreas"]
[Result "1/2-1/2"]
[WhiteElo "2092"]
[BlackElo "2080"]
[PlyCount "67"]
[EventDate "2012.10.14"]
[EventType "team-tourn"]
[EventRounds "9"]
[EventCountry "GER"]
[SourceTitle "EXT 2015"]
[Source "ChessBase"]
[SourceDate "2014.11.20"]
[SourceVersion "1"]
[SourceVersionDate "2014.11.20"]
[SourceQuality "1"]
[WhiteTeam "Tegernsee"]
[BlackTeam "Landshut"]
[WhiteTeamCountry "GER"]
[BlackTeamCountry "GER"]

1. e4 c5 2. c3 Nf6 3. e5 Nd5 4. Nf3 Nc6 5. Bc4 Nb6 6. Bb3 c4 7. Bc2 d6 8. exd6 Qxd6 9. d4 cxd3 10. Qxd3 e5 11. 0-0 Bg4 12. Qe2 Qe6 13. h3 Bh5 14. Nbd2 0-0-0 15. Re1 Bd6 16. Ne4 Rhe8 17. Nfg5 Bxe2 18. Nxe6 Rxe6 19. Rxe2 h6 20. g4 Ree8 21. Bb3 Re7 22. Be3 Bc7 23. Rae1 Nd5 24. Ng3 Nxe3 25. Rxe3 g6 26. Kg2 Na5 27. Bd1 Nc4 28. R3e2 a6 29. Bb3 Na5 30. Bc2 Nc4 31. b3 Nb6 32. c4 Nd7 33. b4 Nf8 34. Rd1 1/2-1/2

[Event "Regionalliga SO 1213"]
[Site "Bayern"]
[Date "2013.01.13"]
[Round "5.2"]
[White "Gesing, Oliver"]
[Black "Neubauer, Andreas"]
[Result "1/2-1/2"]
[WhiteElo "2078"]
[BlackElo "2080"]
[PlyCount "36"]
[EventDate "2012.10.14"]
[EventType "team-tourn"]
[EventRounds "9"]
[EventCountry "GER"]
[SourceTitle "EXT 2015"]
[Source "ChessBase"]
[SourceDate "2014.11.20"]
[SourceVersion "1"]
[SourceVersionDate "2014.11.20"]
[SourceQuality "1"]
[WhiteTeam "Graefelfing"]
[BlackTeam "Landshut"]
[WhiteTeamCountry "GER"]
[BlackTeamCountry "GER"]

1. e4 c5 2. Nc3 Nc6 3. g3 g6 4. Bg2 Bg7 5. d3 Nf6 6. f4 d6 7. Nf3 0-0 8. 0-0 a6 9. h3 Qc7 10. Qe1 Nd4 11. Qf2 e5 12. g4 exf4 13. Bxf4 Be6 14. Rae1 Nd7 15. Ng5 h6 16. Nf3 Nxf3+ 17. Qxf3 g5 18. Be3 Ne5 1/2-1/2

[Event "Regionalliga SO 1011"]
[Site "Bayern"]
[Date "2011.02.27"]
[Round "7.3"]
[White "Hofmann, Juergen2"]
[Black "Neubauer, Andreas"]
[Result "1-0"]
[WhiteElo "2146"]
[BlackElo "2069"]
[PlyCount "55"]
[EventDate "2010.10.10"]
[EventType "team-tourn"]
[EventRounds "9"]
[EventCountry "GER"]
[SourceTitle "EXT 2012"]
[Source "ChessBase"]
[SourceDate "2011.11.24"]
[SourceVersion "1"]
[SourceVersionDate "2011.11.24"]
[SourceQuality "1"]
[WhiteTeam "Graefelfing"]
[BlackTeam "Landshut"]
[WhiteTeamCountry "GER"]
[BlackTeamCountry "GER"]

1. e4 c5 2. Nf3 d6 3. d4 cxd4 4. Nxd4 Nf6 5. Nc3 a6 6. Bg5 e6 7. f4 Be7 8. Qf3 Qc7 9. 0-0-0 Nc6 10. Nxc6 Qxc6 11. Be2 0-0 12. Qg3 Kh8 13. e5 dxe5 14. fxe5 Ng8 15. Rd4 f6 16. Bf4 Qe8 17. Bf3 f5 18. Rhd1 Rb8 19. Rc4 Bd8 20. Bg5 Ba5 21. Ne2 Bd7 22. Rh4 Bc7 23. Nf4 Bxe5 24. Rxd7 Bxf4+ 25. Bxf4 Qxd7 26. Bxb8 Rd8 27. b3 Qe7 28. Be5 1-0

[Event "Regionalliga SO 1011"]
[Site "Bayern"]
[Date "2011.01.16"]
[Round "5.3"]
[White "Neubauer, Andreas"]
[Black "Kern, Johannes"]
[Result "0-1"]
[WhiteElo "2069"]
[BlackElo "2189"]
[PlyCount "70"]
[EventDate "2010.10.10"]
[EventType "team-tourn"]
[EventRounds "9"]
[EventCountry "GER"]
[SourceTitle "EXT 2012"]
[Source "ChessBase"]
[SourceDate "2011.11.24"]
[SourceVersion "1"]
[SourceVersionDate "2011.11.24"]
[SourceQuality "1"]
[WhiteTeam "Landshut"]
[BlackTeam "Trostberg"]
[WhiteTeamCountry "GER"]
[BlackTeamCountry "GER"]

1. Nf3 Nf6 2. d4 g6 3. c4 Bg7 4. Nc3 0-0 5. e4 d6 6. Be2 e5 7. d5 Na6 8. 0-0 Nc5 9. Qc2 a5 10. Bg5 h6 11. Bh4 Qe8 12. Nb5 Qe7 13. Nd2 c6 14. Nc3 Bd7 15. Rfd1 Rac8 16. Nf1 g5 17. Bg3 Nfxe4 18. Nxe4 Nxe4 19. Qxe4 f5 20. Qd3 f4 21. dxc6 Bxc6 22. Bg4 Rcd8 23. f3 e4 24. fxe4 fxg3 25. Nxg3 Bxb2 26. Rab1 Qe5 27. Bf3 Rf6 28. Kh1 Bc3 29. a3 a4 30. c5 Ba5 31. Qc4+ Kh8 32. cxd6 Rfxd6 33. Rxd6 Rxd6 34. Nf5 Rf6 35. Qd4 Rxf5 0-1

[Event "Regionalliga SO 1011"]
[Site "Bayern"]
[Date "2010.10.10"]
[Round "1.3"]
[White "Neubauer, Andreas"]
[Black "Jergler, Karl Heinz"]
[Result "1/2-1/2"]
[WhiteElo "2069"]
[BlackElo "2146"]
[PlyCount "28"]
[EventDate "2010.10.10"]
[EventType "team-tourn"]
[EventRounds "9"]
[EventCountry "GER"]
[SourceTitle "EXT 2012"]
[Source "ChessBase"]
[SourceDate "2011.11.24"]
[SourceVersion "1"]
[SourceVersionDate "2011.11.24"]
[SourceQuality "1"]
[WhiteTeam "Landshut"]
[BlackTeam "Waldkraiburg"]
[WhiteTeamCountry "GER"]
[BlackTeamCountry "GER"]

1. Nf3 Nf6 2. d4 d5 3. c3 Nbd7 4. Bg5 g6 5. Nbd2 Bg7 6. e3 0-0 7. Bd3 c5 8. 0-0 b6 9. Qe2 Bb7 10. Ba6 Qc8 11. Bxb7 Qxb7 12. h3 Rae8 13. Bf4 Ne4 14. Rfd1 e5 1/2-1/2

[Event "Regionalliga SO 0910"]
[Site "Bayern"]
[Date "2010.04.11"]
[Round "9.2"]
[White "Poetsch, Klaus"]
[Black "Neubauer, Andreas"]
[Result "0-1"]
[WhiteElo "2083"]
[BlackElo "2069"]
[PlyCount "74"]
[EventDate "2009.10.18"]
[EventType "team-tourn"]
[EventRounds "9"]
[EventCountry "GER"]
[SourceTitle "EXT 2011"]
[Source "ChessBase"]
[SourceDate "2010.11.26"]
[SourceVersion "1"]
[SourceVersionDate "2010.11.26"]
[SourceQuality "1"]
[WhiteTeam "Waldkraiburg"]
[BlackTeam "Landshut"]
[WhiteTeamCountry "GER"]
[BlackTeamCountry "GER"]

1. d4 Nf6 2. Nf3 g6 3. c4 Bg7 4. Nc3 0-0 5. e4 d6 6. Be2 e5 7. 0-0 Nc6 8. d5 Ne7 9. Ne1 Ne8 10. Nd3 c6 11. Rb1 Kh8 12. b4 cxd5 13. cxd5 f5 14. f3 Qb6+ 15. Kh1 Nf6 16. Bg5 h6 17. Bh4 Bd7 18. Bf2 Qd8 19. Rc1 Qe8 20. a4 fxe4 21. fxe4 g5 22. Nb2 Qg6 23. Qd3 g4 24. Nc4 Nh7 25. Bg1 Ng8 26. Qg3 Nhf6 27. Nxd6 Nh5 28. Qh4 Rxf1 29. Rxf1 Qxd6 30. Qxh5 Qxb4 31. Nb5 Qxe4 32. Nd6 Qxe2 33. Rf7 Qd3 34. Rxd7 Nf6 35. Nf7+ Kg8 36. Nxh6+ Kh7 37. Nf5+ Nxh5 0-1

[Event "Regionalliga SO 0809"]
[Site "Bayern"]
[Date "2008.11.30"]
[Round "3.6"]
[White "Neubauer, Andreas"]
[Black "Lanzinner, Denis"]
[Result "1/2-1/2"]
[WhiteElo "2056"]
[BlackElo "1971"]
[PlyCount "72"]
[EventDate "2008.10.05"]
[EventType "team-tourn"]
[EventRounds "9"]
[EventCountry "GER"]
[SourceTitle "EXT 2020"]
[Source "ChessBase"]
[SourceDate "2019.10.17"]
[SourceVersion "1"]
[SourceVersionDate "2019.10.17"]
[SourceQuality "1"]
[WhiteTeam "Landshut"]
[BlackTeam "Freising"]
[WhiteTeamCountry "GER"]
[BlackTeamCountry "GER"]

1. Nf3 d6 2. d4 Nf6 3. c4 g6 4. Nc3 Bg7 5. e4 0-0 6. Be2 Na6 7. 0-0 e5 8. a3 exd4 9. Nxd4 Nc5 10. f3 Nfd7 11. Be3 Ne5 12. f4 Nc6 13. f5 Nxd4 14. Bxd4 Bxd4+ 15. Qxd4 Nb3 16. Qe3 Nxa1 17. f6 Kh8 18. Nd5 Nc2 19. Qd2 c6 20. Ne7 Qb6+ 21. Kh1 Ne3 22. Rf4 a5 23. Rh4 Qc5 24. g3 Be6 25. b3 d5 26. exd5 cxd5 27. Bd3 d4 28. Qf2 Qxa3 29. h3 Qc1+ 30. Kh2 Nd1 31. Qf1 Qd2+ 32. Kg1 Qe3+ 33. Kg2 Qd2+ 34. Kf3 Qe3+ 35. Kg2 Qd2+ 36. Kf3 Qe3+ 1/2-1/2